[Event "Paris-ch 94th"]
[Site "Paris"]
[Date "2019.07.09"]
[Round "4"]
[White "Bonte, Andrei Mihai"]
[Black "Sanchez, Louis"]
[Result "1/2-1/2"]
[WhiteElo "2337"]
[BlackElo "2316"]
[PlyCount "79"]
[EventDate "2019.07.07"]
[EventType "swiss"]
[EventRounds "9"]
[EventCountry "FRA"]
[SourceTitle "CBM 191 Extra"]
[Source "ChessBase"]
[SourceDate "2019.09.30"]
[SourceVersion "1"]
[SourceVersionDate "2019.09.30"]
[SourceQuality "1"]

1. Nf3 Nf6 2. c4 e6 3. d4 d5 4. Nc3 Be7 5. Bf4 0-0 6. e3 Nbd7 7. a3 c5 8. cxd5 Nxd5 9. Nxd5 exd5 10. dxc5 Nxc5 11. Be5 Bf6 12. Rc1 Ne4 13. Bxf6 Qxf6 14. Qd4 Bg4 15. Qxf6 Nxf6 16. Nd4 Rac8 17. Rxc8 Rxc8 18. f3 Bd7 19. Kd2 h5 20. Bd3 Kf8 21. h4 Ke7 22. Ke2 Rc5 23. Ra1 g6 24. Kd2 Rc8 25. Bc2 Kd6 26. Rd1 Rc5 27. b4 Rc8 28. Bb3 Ke7 29. Rf1 Rc7 30. Kd3 Rc8 31. Ra1 Rc7 32. a4 a5 33. bxa5 Rc5 34. Rb1 Rxa5 35. Bd1 Bxa4 36. Rxb7+ Kf8 37. Bxa4 Rxa4 38. Nc6 Ng8 39. Nb4 Nh6 40. Nxd5 1/2-1/2

[Event "Purtichju op 6th"]
[Site "Porticcio"]
[Date "2019.07.06"]
[Round "9"]
[White "Sanchez, Louis"]
[Black "Zhigalko, Sergei"]
[Result "1-0"]
[WhiteElo "2316"]
[BlackElo "2594"]
[PlyCount "92"]
[EventDate "2019.06.29"]
[EventType "swiss"]
[EventRounds "9"]
[EventCountry "FRA"]
[SourceTitle "CBM 191 Extra"]
[Source "ChessBase"]
[SourceDate "2019.09.30"]
[SourceVersion "1"]
[SourceVersionDate "2019.09.30"]
[SourceQuality "1"]

1. Nf3 Nf6 2. g3 d5 3. Bg2 c6 4. 0-0 Bg4 5. c4 e6 6. cxd5 exd5 7. Qb3 Qb6 8. Qc2 Nbd7 9. d3 Be7 10. Nc3 0-0 11. e4 Rfe8 12. Be3 Qa6 13. h3 Bxf3 14. Bxf3 dxe4 15. dxe4 Bc5 16. Bf4 Ne5 17. Be2 Qa5 18. Rad1 Ng6 19. Bc1 Re7 20. a3 Qc7 21. Kg2 Nd7 22. f4 f6 23. Na4 Bb6 24. Bd2 Rae8 25. Bf3 Ba5 26. b4 Bb6 27. Nxb6 axb6 28. a4 Ngf8 29. Be3 Ne6 30. Rd3 Kh8 31. h4 Nb8 32. Rfd1 Na6 33. Qd2 c5 34. b5 Nb8 35. Rd5 Nf8 36. h5 Nbd7 37. Rd6 c4 38. Qc3 Ra8 39. Qc2 Ne6 40. R1d5 Nec5 41. Bxc5 Nxc5 42. Qxc4 Ree8 43. h6 Rxa4 44. Qc2 Rea8 45. Kh3 gxh6 46. Qc3 Qe7 1-0

[Event "Batumi Municipality Cup"]
[Site "Batumi"]
[Date "2018.07.05"]
[Round "4"]
[White "Sanchez, Louis"]
[Black "Stepanyan, Eva"]
[Result "1-0"]
[WhiteElo "2290"]
[BlackElo "2096"]
[PlyCount "65"]
[EventDate "2018.07.02"]
[EventType "swiss"]
[EventRounds "9"]
[EventCountry "GEO"]
[SourceTitle "CBM 185 Extra"]
[Source "ChessBase"]
[SourceDate "2018.07.29"]
[SourceVersion "1"]
[SourceVersionDate "2018.07.29"]
[SourceQuality "1"]

1. Nf3 d5 2. g3 c6 3. Bg2 Nf6 4. 0-0 Bf5 5. c4 e6 6. cxd5 cxd5 7. Qb3 Qc8 8. Nc3 Nc6 9. d3 Be7 10. Bf4 0-0 11. Rac1 Qd7 12. e4 Bg6 13. Ne5 Nxe5 14. Bxe5 Ng4 15. Bf4 d4 16. Nb5 a6 17. Nc7 Rac8 18. Bh3 Bd6 19. Nxe6 Rxc1 20. Rxc1 fxe6 21. Bxd6 Qxd6 22. Bxg4 Bf7 23. Qxb7 e5 24. Rc6 Qd8 25. Qxa6 Qg5 26. Bf5 g6 27. Bh3 Qd2 28. Rc8 Qxb2 29. Rxf8+ Kxf8 30. a4 Qc1+ 31. Kg2 Qc5 32. a5 Kg7 33. Qb7 1-0

[Event "Batumi Municipality Cup"]
[Site "Batumi"]
[Date "2018.07.03"]
[Round "2"]
[White "Sanchez, Louis"]
[Black "Mosadeghpour, Masoud"]
[Result "0-1"]
[WhiteElo "2290"]
[BlackElo "2531"]
[PlyCount "68"]
[EventDate "2018.07.02"]
[EventType "swiss"]
[EventRounds "9"]
[EventCountry "GEO"]
[SourceTitle "CBM 185 Extra"]
[Source "ChessBase"]
[SourceDate "2018.07.29"]
[SourceVersion "1"]
[SourceVersionDate "2018.07.29"]
[SourceQuality "1"]

1. Nf3 Nf6 2. g3 g6 3. Bg2 Bg7 4. 0-0 0-0 5. d4 d5 6. Ne5 c6 7. c4 Be6 8. cxd5 Bxd5 9. Bh3 Nbd7 10. Nxd7 Nxd7 11. Nc3 Nb6 12. Qc2 f5 13. Rd1 Bf7 14. e4 fxe4 15. Nxe4 Qd5 16. Bg5 Rae8 17. Bg2 Qf5 18. h4 Bd5 19. Rac1 Qg4 20. b3 Rf7 21. Rd2 Ref8 22. Re1 h6 23. Be3 a5 24. Rde2 a4 25. Rd2 Kh8 26. Rde2 axb3 27. axb3 Nc8 28. Nc5 Bxg2 29. Kxg2 Nd6 30. Nd3 Nf5 31. Kh2 Nxh4 32. Nf4 Nf3+ 33. Kg2 Nxe1+ 34. Rxe1 Rxf4 0-1

[Event "Budapest Spring op"]
[Site "Budapest"]
[Date "2018.04.26"]
[Round "9"]
[White "Sanchez, Louis"]
[Black "Astaneh Lopez, Alex"]
[Result "1/2-1/2"]
[WhiteElo "2270"]
[BlackElo "2442"]
[PlyCount "44"]
[EventDate "2018.04.18"]
[EventType "swiss"]
[EventRounds "9"]
[EventCountry "HUN"]
[SourceTitle "CBM 184 Extra"]
[Source "ChessBase"]
[SourceDate "2018.06.28"]
[SourceVersion "1"]
[SourceVersionDate "2018.06.28"]
[SourceQuality "1"]

1. Nf3 d5 2. g3 Nf6 3. Bg2 c6 4. 0-0 Bg4 5. d4 Nbd7 6. Nbd2 e6 7. Re1 Be7 8. e4 dxe4 9. Nxe4 Nxe4 10. Rxe4 Bh5 11. c3 0-0 12. Qb3 Qb6 13. Nd2 a5 14. Nc4 Qa6 15. a4 Rfd8 16. Bf4 Bg6 17. Ree1 Rac8 18. Bf1 Qa7 19. Rad1 h6 20. Bg2 Qa6 21. Bf1 Qa7 22. Bg2 Qa6 1/2-1/2

[Event "FRA-ch Accession"]
[Site "Agen"]
[Date "2017.08.19"]
[Round "2"]
[White "Pottier, Alexandre"]
[Black "Sanchez, Louis"]
[Result "0-1"]
[WhiteElo "2127"]
[BlackElo "2240"]
[PlyCount "88"]
[EventDate "2017.08.19"]
[EventType "swiss"]
[EventRounds "9"]
[EventCountry "FRA"]
[SourceTitle "EXT 2019"]
[Source "ChessBase"]
[SourceDate "2018.10.10"]
[SourceVersion "1"]
[SourceVersionDate "2018.10.10"]
[SourceQuality "1"]

1. Nf3 g6 2. e3 Bg7 3. c4 Nf6 4. Nc3 0-0 5. Be2 d6 6. b3 e5 7. Bb2 e4 8. Nd4 c5 9. Nc2 Nc6 10. Rb1 Ne5 11. d4 exd3 12. Bxd3 Nxd3+ 13. Qxd3 Bf5 14. Qd2 a6 15. f3 Bh6 16. Kf2 Re8 17. Rbe1 b5 18. Nd5 Nxd5 19. cxd5 b4 20. Qd1 Qh4+ 21. g3 Qh3 22. e4 Bd7 23. Nxb4 cxb4 24. Qd4 Re5 25. f4 Rc8 26. Rc1 Rce8 27. fxe5 Bxc1 28. Bxc1 dxe5 29. Qd2 Rc8 30. Bb2 f5 31. d6 Rc5 32. a3 a5 33. axb4 axb4 34. Ba1 fxe4 35. Qg5 Qf5+ 36. Qxf5 gxf5 37. Rd1 Kg7 38. Ke3 Kf6 39. Bb2 Rc2 40. Rd2 f4+ 41. Ke2 f3+ 42. Ke3 Rxd2 43. Kxd2 f2 44. Ke2 e3 0-1

[Event "Andorra op 35th"]
[Site "Escaldes"]
[Date "2017.07.26"]
[Round "5"]
[White "Sanchez, Louis"]
[Black "Degraeve, Jean Marc"]
[Result "1-0"]
[WhiteElo "2229"]
[BlackElo "2585"]
[PlyCount "95"]
[EventDate "2017.07.22"]
[EventType "swiss"]
[EventRounds "9"]
[EventCountry "AND"]
[SourceTitle "CBM 179 Extra"]
[Source "ChessBase"]
[SourceDate "2017.08.23"]
[SourceVersion "1"]
[SourceVersionDate "2017.08.23"]
[SourceQuality "1"]

1. Nf3 g6 2. d4 Bg7 3. e4 d6 4. Bc4 Nf6 5. Qe2 c6 6. e5 dxe5 7. dxe5 Nd5 8. h3 Nc7 9. 0-0 Be6 10. Nc3 Nd7 11. Re1 h6 12. Bf4 Bxc4 13. Qxc4 Ne6 14. Rad1 Nxf4 15. Qxf4 Qc7 16. h4 0-0 17. h5 g5 18. Qf5 e6 19. Qe4 Rfd8 20. Rd4 Nc5 21. Qe3 Rxd4 22. Qxd4 Nd7 23. b3 a6 24. Na4 Rd8 25. Rd1 Kf8 26. Nc5 Ke8 27. Nxd7 Rxd7 28. Qxd7+ Qxd7 29. Rxd7 Kxd7 30. g4 c5 31. c4 Kc6 32. Kf1 b5 33. cxb5+ Kxb5 34. Ke2 Kb4 35. Kd3 Ka3 36. Kc4 Kxa2 37. Kxc5 Kxb3 38. Kd6 Kc3 39. Ke7 a5 40. Kxf7 Bh8 41. Kg8 a4 42. Kxh8 a3 43. Kg7 a2 44. Kxh6 a1Q 45. Nxg5 Kd4 46. Nf7 Qa8 47. g5 Qf3 48. Kg6 1-0

[Event "Hong Kong op"]
[Site "Hong Kong"]
[Date "2015.10.03"]
[Round "5"]
[White "Sanchez, Louis"]
[Black "Tan, Jun Ying"]
[Result "1-0"]
[WhiteElo "2252"]
[BlackElo "2013"]
[PlyCount "47"]
[EventDate "2015.10.01"]
[EventType "swiss"]
[EventRounds "9"]
[EventCountry "HKG"]
[SourceTitle "CBM 168 Extra"]
[Source "ChessBase"]
[SourceDate "2015.10.29"]
[SourceVersion "1"]
[SourceVersionDate "2015.10.29"]
[SourceQuality "1"]

1. Nf3 c5 2. g3 Nc6 3. Bg2 g6 4. 0-0 Bg7 5. c3 d5 6. d4 cxd4 7. cxd4 Nf6 8. Ne5 Qb6 9. Nxc6 Qxc6 10. Nc3 0-0 11. Bg5 Be6 12. e4 Bg4 13. exd5 Qd7 14. Qb3 Bh3 15. Rfe1 Rfd8 16. d6 exd6 17. Nd5 Nxd5 18. Bxh3 Qxh3 19. Bxd8 Qh5 20. Re8+ Bf8 21. Qxb7 Nf6 22. Rxf8+ Kg7 23. Bxf6+ Kxf6 24. Qxf7+ 1-0

[Event "Gibraltar Masters 9th"]
[Site "Caleta"]
[Date "2011.01.30"]
[Round "6"]
[White "Al Sayed, Mohammed"]
[Black "Sanchez, Louis"]
[Result "1-0"]
[WhiteElo "2490"]
[BlackElo "2262"]
[PlyCount "107"]
[EventDate "2011.01.25"]
[EventType "swiss"]
[EventRounds "10"]
[EventCountry "GGB"]
[SourceTitle "CBM 141"]
[Source "ChessBase"]
[SourceDate "2011.03.17"]
[SourceVersion "1"]
[SourceVersionDate "2011.03.17"]
[SourceQuality "1"]

1. d4 d5 2. c4 c6 3. Nc3 Nf6 4. e3 a6 5. Nf3 b5 6. c5 g6 7. Ne5 Bg7 8. f4 Qc7 9. Be2 a5 10. a3 0-0 11. 0-0 Be6 12. Nd3 Ne4 13. g4 f5 14. Nxe4 dxe4 15. Ne5 a4 16. gxf5 gxf5 17. Kh1 Nd7 18. Rg1 Kh8 19. Qf1 Nxe5 20. fxe5 Bd5 21. Qf4 Qd7 22. Bd2 Qe6 23. Raf1 Bh6 24. Qh4 Rg8 25. Qh3 Rxg1+ 26. Rxg1 Rg8 27. Rxg8+ Kxg8 28. Kg1 Qg6+ 29. Kf2 Bg5 30. Kf1 Be6 31. Qh5 Kg7 32. Kf2 Qxh5 33. Bxh5 Bf7 34. Be2 Bh4+ 35. Kg2 Kg6 36. Ba5 Bd5 37. Kf1 Kg5 38. Bd8 Kg6 39. Ba5 Bg5 40. Bd2 h6 41. Kf2 h5 42. Kg3 h4+ 43. Kf2 Bh6 44. Bc1 f4 45. exf4 Kf5 46. h3 e3+ 47. Bxe3 Bxf4 48. Bg4+ Kg5 49. Bf3 Bxf3 50. Kxf3 Bxe3 51. Kxe3 e6 52. Ke4 Kg6 53. Kf4 Kh5 54. d5 1-0

[Event "Budapest Spring op 26th"]
[Site "Budapest"]
[Date "2010.03.25"]
[Round "6"]
[White "Sanchez, Louis"]
[Black "Meixner, Ferenc"]
[Result "1-0"]
[WhiteElo "2232"]
[BlackElo "2087"]
[PlyCount "72"]
[EventDate "2010.03.19"]
[EventType "swiss"]
[EventRounds "9"]
[EventCountry "HUN"]
[SourceTitle "CBM 135 Extra"]
[Source "ChessBase"]
[SourceDate "2010.05.04"]
[SourceVersion "1"]
[SourceVersionDate "2010.05.04"]
[SourceQuality "1"]

1. e4 c5 2. Nf3 e6 3. d4 cxd4 4. Nxd4 Nf6 5. Nc3 Nc6 6. Ndb5 d6 7. Bf4 e5 8. Bg5 a6 9. Na3 b5 10. Nd5 Qa5+ 11. Bd2 Qd8 12. c4 Nxe4 13. cxb5 Ne7 14. bxa6 Nxd5 15. Qa4+ Bd7 16. Qxe4 Nf6 17. Qb1 d5 18. b4 Ne4 19. Nc4 Nxd2 20. Nxd2 Qb6 21. a3 Bd6 22. Qd3 Be6 23. Qb5+ Qxb5 24. Bxb5+ Ke7 25. 0-0 Rhb8 26. Be2 Bd7 27. Rac1 Ba4 28. Nb1 e4 29. Nd2 f5 30. f3 g5 31. g3 Kd7 32. fxe4 fxe4 33. Bg4+ Ke7 34. Rfe1 Rxa6 35. Nb1 Bc6 36. Kf2 h6 1-0

[Event "Budapest Spring op 26th"]
[Site "Budapest"]
[Date "2010.03.23"]
[Round "4"]
[White "Sanchez, Louis"]
[Black "Cox, Tristan"]
[Result "1-0"]
[WhiteElo "2232"]
[BlackElo "2106"]
[PlyCount "50"]
[EventDate "2010.03.19"]
[EventType "swiss"]
[EventRounds "9"]
[EventCountry "HUN"]
[SourceTitle "CBM 135 Extra"]
[Source "ChessBase"]
[SourceDate "2010.05.04"]
[SourceVersion "1"]
[SourceVersionDate "2010.05.04"]
[SourceQuality "1"]

1. Nf3 c5 2. c4 Nf6 3. g3 b6 4. Bg2 Bb7 5. 0-0 e6 6. Nc3 a6 7. d4 cxd4 8. Qxd4 d6 9. Rd1 Nbd7 10. Bg5 Qc7 11. b3 Be7 12. Qd2 0-0 13. Bf4 Ne8 14. Rac1 Rc8 15. Qe3 Qb8 16. Ne4 Ba8 17. Qd3 Nc5 18. Nxc5 bxc5 19. e4 Nf6 20. Bxd6 Bxd6 21. Qxd6 Nxe4 22. Qxb8 Rxb8 23. Rd7 Bc6 24. Ra7 Ra8 25. Rc7 Nf6 1-0

[Event "Budapest Spring op 26th"]
[Site "Budapest"]
[Date "2010.03.22"]
[Round "3"]
[White "Tesik, Csaba"]
[Black "Sanchez, Louis"]
[Result "1/2-1/2"]
[WhiteElo "2159"]
[BlackElo "2232"]
[PlyCount "45"]
[EventDate "2010.03.19"]
[EventType "swiss"]
[EventRounds "9"]
[EventCountry "HUN"]
[SourceTitle "CBM 135 Extra"]
[Source "ChessBase"]
[SourceDate "2010.05.04"]
[SourceVersion "1"]
[SourceVersionDate "2010.05.04"]
[SourceQuality "1"]

1. e4 d6 2. d4 Nf6 3. Nc3 e5 4. Nf3 Nbd7 5. Bc4 Be7 6. 0-0 0-0 7. Re1 c6 8. a4 b6 9. Bb3 a6 10. Nh4 Nxe4 11. Nxe4 Bxh4 12. Nxd6 Bxf2+ 13. Kxf2 Qf6+ 14. Kg1 Qxd6 15. dxe5 Qxd1 16. Rxd1 Nc5 17. Be3 Nxb3 18. cxb3 Be6 19. Bxb6 Bxb3 20. Rd6 Bd5 21. a5 Rfe8 22. Bd4 Re7 23. Bc3 1/2-1/2

[Event "Budapest Spring op 26th"]
[Site "Budapest"]
[Date "2010.03.20"]
[Round "2"]
[White "Sanchez, Louis"]
[Black "Czibulka, Zoltan"]
[Result "1/2-1/2"]
[WhiteElo "2232"]
[BlackElo "2094"]
[PlyCount "156"]
[EventDate "2010.03.19"]
[EventType "swiss"]
[EventRounds "9"]
[EventCountry "HUN"]
[SourceTitle "CBM 135 Extra"]
[Source "ChessBase"]
[SourceDate "2010.05.04"]
[SourceVersion "1"]
[SourceVersionDate "2010.05.04"]
[SourceQuality "1"]

1. e4 e6 2. d4 d5 3. Nc3 Bb4 4. e5 c5 5. Bd2 cxd4 6. Nb5 Bxd2+ 7. Qxd2 Nc6 8. f4 Nge7 9. Nf3 0-0 10. 0-0-0 a6 11. Nbxd4 Nxd4 12. Qxd4 Qa5 13. Kb1 Bd7 14. h4 Rac8 15. h5 Nf5 16. Qf2 Qc5 17. Qxc5 Rxc5 18. Bd3 Ne3 19. Rd2 f5 20. Re1 Ng4 21. Nd4 Bc8 22. Rde2 Rc7 23. b4 g6 24. Rh1 Kg7 25. Kc1 Rh8 26. Kd2 h6 27. hxg6 Kxg6 28. g3 Rg7 29. Rg2 Kf7 30. Ke2 Bd7 31. Kf3 Rc8 32. Rgg1 Rc3 33. Ra1 Ra3 34. Ke2 Rg8 35. Rhb1 Ba4 36. Rb2 Rc8 37. Rh1 Rac3 38. Kd2 R3c7 39. Rh5 Kg6 40. Rh4 Kf7 41. Rb1 Rh8 42. Rbh1 Rcc8 43. Rh5 Bd7 44. Re1 Rce8 45. Ke2 Reg8 46. Rg1 Ke7 47. a4 Be8 48. Rh4 h5 49. b5 a5 50. c4 dxc4 51. Bxc4 Bf7 52. Nb3 Ra8 53. Rhh1 Rhd8 54. Rd1 Rxd1 55. Rxd1 h4 56. Rh1 hxg3 57. Rg1 Bh5 58. Ke1 Ne3 59. Be2 Bxe2 60. Kxe2 Nd5 61. Rxg3 Nxf4+ 62. Kf3 Nd3 63. Rg7+ Kf8 64. Rxb7 Nxe5+ 65. Kf4 Nf7 66. Nc5 e5+ 67. Kxf5 Nd6+ 68. Kxe5 Nxb7 69. Nxb7 Ke7 70. Kd5 Kd7 71. b6 Rh8 72. Nc5+ Kc8 73. Kc6 Rh6+ 74. Kb5 Rh5 75. Kc6 Rh6+ 76. Kb5 Rh5 77. Ka6 Rxc5 78. Ka7 Rc7+ 1/2-1/2

[Event "Gibraltar Masters 7th"]
[Site "Gibraltar"]
[Date "2009.02.04"]
[Round "9"]
[White "Vinas Guerrero, Carlos Alberto"]
[Black "Sanchez, Louis"]
[Result "1/2-1/2"]
[WhiteElo "2104"]
[BlackElo "2263"]
[PlyCount "113"]
[EventDate "2009.01.27"]
[EventType "swiss"]
[EventRounds "10"]
[EventCountry "ENG"]
[SourceTitle "CBM 128 Extra"]
[Source "ChessBase"]
[SourceDate "2009.03.05"]
[SourceVersion "2"]
[SourceVersionDate "2009.03.25"]
[SourceQuality "1"]

1. e4 c5 2. Nf3 e6 3. c3 d5 4. exd5 Qxd5 5. Na3 Nf6 6. d4 Nc6 7. Nb5 Qd8 8. dxc5 Bxc5 9. Qxd8+ Kxd8 10. Bf4 Ne4 11. Be3 Bxe3 12. fxe3 a6 13. Nbd4 Bd7 14. Bd3 Nd6 15. 0-0 f6 16. Nxc6+ Bxc6 17. Nd4 Bd7 18. Nb3 Ke7 19. c4 a5 20. Rfc1 a4 21. Nd2 b6 22. b4 axb3 23. axb3 Bc6 24. e4 Rhd8 25. Bc2 Nb7 26. Nf3 e5 27. Kf2 Nc5 28. Ke3 Na6 29. Ne1 Nb4 30. Rxa8 Rxa8 31. Nd3 Nxd3 32. Kxd3 g6 33. Ke3 Ke6 34. g4 Ra2 35. Kd3 Ra3 36. Kc3 Ra8 37. Rd1 Ke7 38. Kb2 Bd7 39. Rc1 Kd6 40. b4 Kc7 41. h3 Be6 42. Rf1 Bxc4 43. Rxf6 Rd8 44. Kc3 b5 45. h4 Ra8 46. h5 gxh5 47. gxh5 Ra3+ 48. Kd2 Rg3 49. h6 Rh3 50. Ra6 Kc8 51. Rd6 Rf3 52. Kc1 Rf4 53. Kd2 Kc7 54. Ra6 Bf7 55. Bd3 Bg6 56. Re6 Bxe4 57. Rxe5 1/2-1/2

[Event "Gibraltar Masters 7th"]
[Site "Gibraltar"]
[Date "2009.02.02"]
[Round "7"]
[White "Socko, Monika"]
[Black "Sanchez, Louis"]
[Result "1-0"]
[WhiteElo "2449"]
[BlackElo "2263"]
[PlyCount "37"]
[EventDate "2009.01.27"]
[EventType "swiss"]
[EventRounds "10"]
[EventCountry "ENG"]
[SourceTitle "CBM 128 Extra"]
[Source "ChessBase"]
[SourceDate "2009.03.05"]
[SourceVersion "2"]
[SourceVersionDate "2009.03.25"]
[SourceQuality "1"]

1. e4 c5 2. Nf3 e6 3. d4 cxd4 4. Nxd4 a6 5. Bd3 d5 6. exd5 Qxd5 7. 0-0 Nd7 8. Be3 Ngf6 9. c4 Qd6 10. Nc3 Be7 11. a3 Qc7 12. b4 b6 13. Rc1 Bb7 14. c5 bxc5 15. bxc5 Bxc5 16. Na4 Qd6 17. Nxc5 Nxc5 18. Nb5 Qc6 19. Nd6+ 1-0

[Event "Palma de Mallorca op 3rd"]
[Site "Palma de Mallorca"]
[Date "2008.12.12"]
[Round "7"]
[White "Sanchez, Louis"]
[Black "Serra Olives, Tomas"]
[Result "1-0"]
[WhiteElo "2251"]
[BlackElo "2156"]
[PlyCount "51"]
[EventDate "2008.12.06"]
[EventType "swiss"]
[EventRounds "9"]
[EventCountry "ESP"]
[SourceTitle "CBM 127 Extra"]
[Source "ChessBase"]
[SourceDate "2009.01.08"]
[SourceVersion "2"]
[SourceVersionDate "2009.01.28"]
[SourceQuality "1"]

1. e4 c5 2. Nf3 d6 3. d4 cxd4 4. Nxd4 Nf6 5. Nc3 a6 6. Be2 e6 7. 0-0 b5 8. Bf3 e5 9. Nf5 Bb7 10. Bg5 h6 11. Bxf6 Qxf6 12. a4 bxa4 13. Rxa4 Nc6 14. Nd5 Qd8 15. c3 a5 16. b4 axb4 17. cxb4 g6 18. b5 Rxa4 19. Qxa4 Qa5 20. Qc4 Nb8 21. Nf6+ Kd8 22. Qxf7 gxf5 23. Qe8+ Kc7 24. Rc1+ Kb6 25. Qd8+ Kxb5 26. Be2+ 1-0